000 00620nam a2200217Ia 4500
001 22351
003 GE_BSU
008 181216s||||||||xx |||||||||||||| ||und||
040 _cGE_BSU
245 _aПедагогика №3. 2018.
245 _bНаучн-технич. журнал РА образования
245 _cГл. ред. Р.С.Бозиев
260 _aМосква
260 _bПедагогика
260 _c2018
300 _a128 стр. 29см.
653 _aПедагогика №3. 2018.
653 _aПериодика
653 _aპერიოდიკა
942 _cCR
999 _c55275
_d55275